| 000 | 01087nam0a22002411i 4500 | ||
|---|---|---|---|
| 001 | rc\964488 | ||
| 005 | 20240726065215.0 | ||
| 035 | _a(NLR Aleph) 006133874 | ||
| 090 |
_a5590252 _c5590252 |
||
| 100 | _a20041129d1982 u |0rusy50 ca | ||
| 101 | 0 | _arus | |
| 102 | _aRU | ||
| 105 | _aa ||||||||| | ||
| 200 | 1 |
_aАномальное поведение хромосом в делящихся клетках Drosophila melanogaster _e(Причины и следствия) _eАвтореф. дис. на соиск. учен. степ. д-ра биол. наук _e(03.00.13) |
|
| 210 |
_aНовосибирск _d1982 |
||
| 215 |
_a32 с. _cграф. |
||
| 300 | _aВ надзаг.: АН СССР, СО, Ин-т цитологии и генетики, Специализир. совет по защите дис. на соиск. учен. степ. д-ра наук | ||
| 320 | _aБиблиогр.: с. 30-32 (28 назв.) | ||
| 700 | 1 |
_aЧадов _bБ.Ф. _gБорис Федорович |
|
| 801 | 0 |
_aRU _bNLR _gpsbo |
|
| 801 | 1 |
_aRU _bELAR _2rusmarc |
|
| 852 |
_aNLR _j84-4/4846 |
||
| 942 | _cBOOK | ||